1446 1421 1252 1596 1651 1834 1776 1349 1315 1989 1311 1974 1082 1732 1531 1491 1952 1231 1792 1434 1661 1663 1827 1741 1558 1729 1898 1395 1158 1217 1062 1666 1620 1217 1725 1853 1920 1821 1528 1889 1290 1955 1319 1167 1476 1166 1092 1553 1730 1123 1422 1840 1493 1088 1222 1106 1594 1700 1410 1391 1251 1425 1390 1056 1749 1574 1156 1513 1074 1670 1579 1808 1837 1086 1374 1133 1036 1970 1537 1546 1206 1457 1535 1011 1573 1905 1457 1326 1219 1541 1891 1219 1232 1353 1215 1055 1020 1784 1484 BCNSPRNW ULIB Ver.6.0+V

เปลี่ยนเป็นภาษาไทย

Change to English
 แสดงรายละเอียดบรรณานุกรม
  กลับหน้าหลัก

Brief Record : Get Marc (ISO 2709) : E-mail record : QR code < ปิดหน้าต่าง
LEADER : 00000nam 2200000uu 4500
001    13399122320
003     ULIB
008    130212s2555||||th 000 0 tha d
020    ^a9789740329831
060  4 ^aWF26^bข275ก
100 0  ^aขวัญฤทัย พันธุ
245 00 ^aการดูแลผู้ป่วยที่ใช้เครื่องช่วยหายใจ^cโดย ขวัญฤทัย พันธุ
260    ^aกรุงเทพฯ:^bสำนักพิมพ์แห่งจุฬาลงกรณ์มหาวิทยาลัย,^c2555
300    ^a178 หน้า:^bภาพประกอบ
650  7 ^aเครื่องช่วยหายใจ
650  7 ^aการใสท่อช่วยหายใจ
945    ^p150^l0^i19875
945    ^p150^l0^i19876
945    ^p150^l0^i19877
945    ^p150^l0^i20188
945    ^p150^l0^i20189
995    ^aทศพร
999    ^aทศพร เกษรทอง
รายการนี้ยังไม่มีแท็ก
คุณยังไม่ได้ล็อกอิน คุณสามารถมีกิจกรรมร่วมกับเว็บไซต์ได้ แต่ต้องล็อกอินก่อน ::
  ล็อกอิน

รายการสื่อสารสนเทศ

ลำดับที่ ประเภท เลขเรียก/บาร์โค้ด สถานที่ สถานะ
1. วิทยาศาสตร์การแพทย์ และสุขภาพ
วิทยาศาสตร์การแพทย์ และสุขภาพ
สถานะ=หนังสือเก่า
WF26 ข275ก ฉ.1 
  Barcode: 19875
ห้องสมุดวิทยาเขตนครสวรรค์
►ส่วนจัดเก็บหนังสือเก่า นว.
บนชั้น
  ขอยืม
2. วิทยาศาสตร์การแพทย์ และสุขภาพ
วิทยาศาสตร์การแพทย์ และสุขภาพ
สถานะ=หนังสือเก่า
WF26 ข275ก ฉ.2 
  Barcode: 19876
ห้องสมุดวิทยาเขตนครสวรรค์
►ส่วนจัดเก็บหนังสือเก่า นว.
บนชั้น
  ขอยืม
3. วิทยาศาสตร์การแพทย์ และสุขภาพ
วิทยาศาสตร์การแพทย์ และสุขภาพ
สถานะ=หนังสือเก่า
WF26 ข275ก ฉ.3 
  Barcode: 19877
ห้องสมุดวิทยาเขตนครสวรรค์
►ส่วนจัดเก็บหนังสือเก่า นว.
บนชั้น
  ขอยืม
4. วิทยาศาสตร์การแพทย์ และสุขภาพ
วิทยาศาสตร์การแพทย์ และสุขภาพ
สถานะ=หนังสือเก่า
WF26 ข275ก ฉ.4 
  Barcode: 20188
ห้องสมุดวิทยาเขตนครสวรรค์
►ส่วนจัดเก็บหนังสือเก่า นว.
บนชั้น
  ขอยืม
5. วิทยาศาสตร์การแพทย์ และสุขภาพ
วิทยาศาสตร์การแพทย์ และสุขภาพ
สถานะ=หนังสือเก่า
WF26 ข275ก ฉ.5 
  Barcode: 20189
ห้องสมุดวิทยาเขตนครสวรรค์
►ส่วนจัดเก็บหนังสือเก่า นว.
บนชั้น
  ขอยืม

รายการใกล้เคียง
    ผู้แต่ง [ขวัญฤทัย พันธุ]

    หัวเรื่อง [เครื่องช่วยหายใจ]
    หัวเรื่อง [การใสท่อช่วยหายใจ]

BibComment


ยังไม่เคยถูกคอมเมนท์

คอมเมนท์ทรัพยากรรายการนี้
  คอมเมนท์: การดูแลผู้ป่วยที..


 Copyright 2026. Bcnsprnw @Library